La politique de promotion hoteliere en France
Αποθηκεύτηκε σε:
| Κύριος συγγραφέας: | |
|---|---|
| Μορφή: | Βιβλίο |
| Γλώσσα: | French |
| Δημοσίευση: |
Paris :
Centre d'etudes du tourisme,
1967
|
| Σειρά: | Cahiers du tourisme. Serie A ;
; 9 |
| Θέματα: | |
| Ετικέτες: |
Προσθήκη ετικέτας
Δεν υπάρχουν, Καταχωρήστε ετικέτα πρώτοι!
|
MARC
| LEADER | 00000nam a2200000 i 4500 | ||
|---|---|---|---|
| 001 | 1/67805 | ||
| 008 | 960619s1967 fre d | ||
| 035 | |l 10030078 | ||
| 040 | |a GR-MY-UA |b gre |e aacr | ||
| 041 | 0 | |a fre | |
| 082 | 0 | |a 338.4791 | |
| 100 | 1 | |a Barre, Henri. | |
| 245 | 1 | 3 | |a La politique de promotion hoteliere en France / |c H.Barre |
| 260 | |a Paris : |b Centre d'etudes du tourisme, |c 1967 | ||
| 300 | |a 32 p. | ||
| 490 | 1 | |a Cahiers du tourisme. Serie A |v ; 9 | |
| 650 | 0 | 0 | |a Tourism. |
| 830 | 0 | |a Cahiers du tourisme. Serie A ; |v ; 9 | |
| 852 | |a INST |b CHIOS |e 19960619 |h 338.4791 POL |p 005200007703 |q 005200007703 |t BK |y 0 | ||
| 909 | |a Χ |b 032576 | ||